| 000 | 00717nam a22002297a 4500 | ||
|---|---|---|---|
| 999 |
_c3661 _d3661 |
||
| 001 | 366 | ||
| 003 | BD-DhUAP | ||
| 005 | 20210130135804.0 | ||
| 008 | 200310r19871910enka 000 1 eng | ||
| 020 | _a0435120514 | ||
| 040 |
_aDLC _cODaWU _dBD-DhUAP _bEng |
||
| 082 |
_223 _a823 RIC |
||
| 100 | 1 | _aRichardson, Henry Handel. | |
| 245 | 1 | 4 |
_aThe getting of wisdom / _cHenry Handel Richardson ; illustrated by Kay Dattner. |
| 260 |
_bLondon : _cHeinemann educational books, _ac1910 [Reprinted 1987]. |
||
| 300 |
_a237 pages : _billustrations ; _c20 cm. |
||
| 650 | 0 |
_aYoung women _vFiction. |
|
| 651 | 0 |
_aMelbourne (Vic.) _vFiction. |
|
| 655 | 7 | _aAutobiographical fiction. | |
| 700 | _aDattner, Kay | ||
| 942 |
_2ddc _cBK |
||